000 00667nam a2200241 a 4500
001 nice12345678
003 IN_TiNIC
005 20260116011709.0
008 050524s0000 laha grp 000 0 eng
020 _a
_c100
082 0 0 _a297.12207
_bILA
100 _aIlahi, Mohammad Manzur
245 _aQuran Primer
260 _aLahore
_bDarul Kutub Islamia
_c0000
300 _a29p.
500 _aincludes index and biblioraphy
505 2 _aalso contains nishan-e-asmani, asmani faisla siraj-e-munir and risala tuhfa-e-baghdad.
650 _aQuran-Study and Teaching
700 1 _aIlahi, Mohammad Manzur
902 _bSRS
942 _cBK
999 _c3444
_d3444